| 000 | 01202nam a22003497a 4500 | ||
|---|---|---|---|
| 003 | CHAP | ||
| 005 | 20220329133032.0 | ||
| 008 | 971013s1980 r 00010 d | ||
| 010 | _a1462 | ||
| 011 | _a2434 | ||
| 035 | _a1628 | ||
| 040 | _cCHAP | ||
| 082 |
_a634.9 _bM44 |
||
| 110 |
_aMéxico. Subsecretaría Forestal y de la Fauna _977260 |
||
| 245 | _aPrograma nacional de desarrollo forestal por proyectos 1980 | ||
| 260 |
_aMéxico, D. F. : _bLa Subsecretaría, _c1980 |
||
| 300 | _a246 p | ||
| 500 | _a41-234 | ||
| 590 |
_aBATCH-UPD _b10 _c20130110 _lUCH01 _h1023 |
||
| 590 |
_aBATCH-UPD _b10 _c20130410 _lUCH01 _h0628 |
||
| 590 |
_aBATCH-UPD _b10 _c20130914 _lUCH01 _h0705 |
||
| 590 |
_aCONVERSION _b10 _c20130109 _lUCH01 _h1302 |
||
| 650 | 1 | 4 |
_aBosques _xAspectos económicos _xMéxico. _914076 |
| 650 | 1 | 4 |
_aBosques _xMéxico. _914341 |
| 650 | 1 | 4 |
_aPolítica forestal _zMéxico. _990610 |
| 901 | _aBK | ||
| 942 | _cLIBRO | ||
| 949 |
_a634.9 M44 _bBC _cC _d-59029 _eC _fc.4 _h87259 _i1628 _si |
||
| 949 |
_a634.9 M44 _bBC _cC _d33724000644936 _eC _fc.3 _h62767 _i1628 _si |
||
| 949 |
_a634.9 M44 _bBC _cC _d33724000650552 _eC _h51167 _i1628 _si |
||
| 949 |
_a634.9 M44 _bBC _cC _d33724000650578 _eC _fc.2 _h51168 _i1628 _si |
||
| 999 |
_c1462 _d1462 |
||